书目信息 |
| 题名: |
专注力
|
|
| 作者: | 蒋辰 著 | |
| 分册: | ||
| 出版信息: | 南京 江苏凤凰文艺出版社 2021.1 |
|
| 页数: | 212页 | |
| 开本: | 21cm | |
| 丛书名: | ||
| 单 册: | ||
| 中图分类: | B842.3-49 | |
| 科图分类: | ||
| 主题词: | 注意--zhu yi--能力培养--通俗读物 | |
| 电子资源: | ||
| ISBN: | 978-7-5594-5229-0 | |
| 000 | 01239nam0 2200241 450 | |
| 001 | 2159545531 | |
| 005 | 20211011172912.0 | |
| 010 | @a978-7-5594-5229-0@dCNY39.80 | |
| 100 | @a20201107d2021 em y0chiy0120 ea | |
| 101 | 0 | @achi |
| 102 | @aCN@b320000 | |
| 105 | @ay z 000yy | |
| 106 | @ar | |
| 200 | 1 | @a专注力@Azhuan zhu li@dFocus@f蒋辰著@zeng |
| 210 | @a南京@c江苏凤凰文艺出版社@d2021.1 | |
| 215 | @a212页@d21cm | |
| 330 | @a你是不是总会在工作的时候分心看手机,一小时打开三四次?点开期待已久的电影,看不到两分钟就想按快进键?看到优秀的人忍不住心生羡慕,却对改变自己毫无信心......生活进入了恒定模式,今天好似昨天的复制品,仿佛全世界都在阻碍你成功,而造成这一切的根源在于缺乏专注力!作为一种持久的动力,专注力是驱动人们获得未来的坚实基础,专注地投入到生活和工作中本身就能够让人们收获成就感,增强自信心,逐步产生对未来生活的信念感。本书在结合大量真实案例的基础上,通过心理学的分析,从意志、环境、思维、情绪等几个方面,为读者找到了丰富且有针对性的增强专注力的有效方法,帮助读者养成专注的习惯,让读者能够充分投入到学习和事业中去,逐步赢得未来。 | |
| 510 | 1 | @aFocus@zeng |
| 606 | 0 | @a注意@Azhu yi@x能力培养@j通俗读物 |
| 690 | @aB842.3-49@v5 | |
| 701 | 0 | @a蒋辰@Ajiang chen@4著 |
| 801 | 0 | @aCN@b百万庄@c20211009 |
| 905 | @b1308556-59@dB842.3@e3974@f4 | |
| 专注力=Focus/蒋辰著.-南京:江苏凤凰文艺出版社,2021.1 |
| 212页;21cm |
| ISBN 978-7-5594-5229-0:CNY39.80 |
| 你是不是总会在工作的时候分心看手机,一小时打开三四次?点开期待已久的电影,看不到两分钟就想按快进键?看到优秀的人忍不住心生羡慕,却对改变自己毫无信心......生活进入了恒定模式,今天好似昨天的复制品,仿佛全世界都在阻碍你成功,而造成这一切的根源在于缺乏专注力!作为一种持久的动力,专注力是驱动人们获得未来的坚实基础,专注地投入到生活和工作中本身就能够让人们收获成就感,增强自信心,逐步产生对未来生活的信念感。本书在结合大量真实案例的基础上,通过心理学的分析,从意志、环境、思维、情绪等几个方面,为读者找到了丰富且有针对性的增强专注力的有效方法,帮助读者养成专注的习惯,让读者能够充分投入到学习和事业中去,逐步赢得未来。 |
| ● |
| 相关链接 |
|
|
|
|
正题名:专注力
索取号:B842.3/3974
 
预约/预借
| 序号 | 登录号 | 条形码 | 馆藏地/架位号 | 状态 | 备注 |
| 1 | 1308556 | 213085560 | 第一借阅区/ [索取号:B842.3/3974] | 在馆 | |
| 2 | 1308557 | 213085579 | 第一借阅区/ [索取号:B842.3/3974] | 在馆 | |
| 3 | 1308558 | 213085588 | 第一借阅区/ [索取号:B842.3/3974] | 在馆 | |
| 4 | 1308559 | 213085597 | 第一借阅区/ [索取号:B842.3/3974] | 在馆 | |
| 5 | 1327198 | 213271984 | 第一样本阅览室/ [索取号:B842.3/3974] | 在馆 | |
| 6 | 1327199 | 213271993 | 教育系资料室/ [索取号:B842.3/3974] | 在馆 | |
| 7 | 1327200 | 213272000 | 教育系资料室/ [索取号:B842.3/3974] | 在馆 | |
| 8 | 1327201 | 213272019 | 第一借阅区/ [索取号:B842.3/3974] | 在馆 | |
| 9 | 1327202 | 213272028 | 第一借阅区/ [索取号:B842.3/3974] | 在馆 |